[Event "WJun"]
[Site "Yerevan ARM"]
[Date "2006.10.11"]
[Round "8"]
[White "Behmardi,K"]
[Black "Valeanu,E"]
[Result "1-0"]
[WhiteElo "2210"]
[BlackElo "2361"]

1.e4 c5 2.Nf3 d6 3.d4 Nf6 4.Nc3 cxd4 5.Nxd4 a6 6.Be3 e6 7.g4 h6 8.f4 Nc6
9.Qf3 e5 10.Nf5 g6 11.g5 hxg5 12.fxg5 gxf5 13.gxf6 f4 14.Bf2 Be6 15.O-O-O Qxf6
16.Nd5 Bxd5 17.exd5 Nb8 18.h4 Nd7 19.h5 Bh6 20.Bh3 Qe7 21.Qc3 O-O 22.Bf5 Kh8
23.Qh3 Nf6 24.Bh4 Rg8 25.Rhg1 Rg3 26.Bxg3 fxg3+ 27.Kb1 Bf4 28.Rxg3 Bxg3 29.Qxg3 Rg8
30.Qf3 Qf8 31.Bd3 Qh6 32.Rf1 Kg7 33.a4 Rh8 34.a5 Qf4 35.Qg2+ Qg4 36.Qxg4+ Nxg4
37.Rg1 Rxh5 38.Rxg4+ Kf8 39.Rg1 Rh4 40.Rf1 Ke7 41.c4 Rd4 42.Kc2 Rg4 43.Kd2 e4
44.Be2 Rg5 45.b4 f5 46.c5 dxc5 47.bxc5 f4 48.Bc4 Kf6 49.Kc3 Ke5 50.d6 Rg3+
51.Kb4 Rg7 52.Rd1 Rd7 53.Rd5+ Kf6 54.Kc3 f3 55.Rd4 f2 56.Rxe4  1-0

[Event "WJun"]
[Site "Yerevan ARM"]
[Date "2006.10.12"]
[Round "9"]
[White "Khairullin,I"]
[Black "Andriasian,Z"]
[Result "1/2-1/2"]
[WhiteElo "2543"]
[BlackElo "2463"]

1.e4 c5 2.Nf3 d6 3.d4 cxd4 4.Nxd4 Nf6 5.Nc3 a6 6.Be3 e5 7.Nf3 Be7 8.Bc4 O-O
9.O-O Nc6 10.Bg5 Be6 11.Qe2 Rc8 12.Bb3 Na5 13.Rfd1 Qc7 14.Bxf6 Bxf6 15.Nd5 Bxd5
16.Rxd5 Nxb3 17.cxb3 Qb8 18.Rad1 Rc6 19.g3 Rfc8 20.Qd3 Be7 21.a4 g6 22.Nd2 Rc5
23.Nc4 b5 24.Nxd6 Rxd5 25.Qxd5 Bxd6 26.Qxd6 bxa4 27.bxa4 Qxb2 28.Qxa6 Qc2
29.Ra1 Kg7 30.Qb6 Qxe4 31.a5 Rc6 32.Qb2 Ra6 33.Qb5 Rf6 34.Qb2 Ra6 35.Qb5 Rf6
36.Qf1 Qd4 37.Ra2 e4 38.Qe2 Re6 39.Ra3 Qb4 40.Qa2 Ra6 41.Qa1+ f6 42.h4 Qc5
43.Kg2 Qd5 44.Kh2 Qc5 45.Kg2 Qd5 46.Kh2 Qc5 47.Ra2 g5 48.hxg5 Qxg5 49.Qc3 Qd5
50.Ra4 Rc6 51.Qe3  1/2-1/2

[Event "Muensterland Open"]
[Site "Senden GER"]
[Date "2006.10.13"]
[Round "8"]
[White "Van der Weide,K"]
[Black "Borovikov,V"]
[Result "1/2-1/2"]
[WhiteElo "2463"]
[BlackElo "2578"]

1.e4 c5 2.Nf3 d6 3.d4 cxd4 4.Nxd4 Nf6 5.Nc3 a6 6.Be3 e5 7.Nb3 Be6 8.f3 Nbd7
9.Qd2 b5 10.O-O-O Be7 11.g4 b4 12.Nd5 Bxd5 13.exd5 Nb6 14.Na5 Nbxd5 15.Nc6 Qc7
16.Nxe7 Nxe3 17.Qxe3 Kxe7 18.h4 Rhc8 19.Rh2 Qc5 20.Qd3 a5 21.Bh3 Rc7 22.g5 Ne8
23.Qxh7 a4 24.g6 f6 25.Qg8 b3 26.Rhd2 Qc4 27.Qxc4 Rxc4 28.a3 Rxh4  1/2-1/2

[Event "WJun"]
[Site "Yerevan ARM"]
[Date "2006.10.13"]
[Round "10"]
[White "Kim,Alex"]
[Black "Li Chao2"]
[Result "1-0"]
[WhiteElo "2428"]
[BlackElo "2508"]

1.e4 c5 2.Nf3 d6 3.d4 cxd4 4.Nxd4 Nf6 5.Nc3 a6 6.Be3 e5 7.Nb3 Be6 8.f4 exf4
9.Bxf4 Nc6 10.Qe2 Be7 11.h3 O-O 12.O-O-O Qc7 13.g4 Rac8 14.Kb1 Rfe8 15.g5 Nd7
16.Qh2 Nce5 17.h4 Nb6 18.h5 Nec4 19.Rd3 a5 20.Nb5 Qd7 21.Nxd6 Bxd6 22.Bxd6 Qc6
23.g6 h6 24.gxf7+ Bxf7 25.Bh3 a4 26.Bxc8 Nxc8 27.Bb4 axb3 28.axb3 Ne5 29.Rg3 Qxe4
30.Bc3 Nf3 31.Rxg7+ Kf8 32.Rf1 Qf5 33.Qg2 Re3 34.Rg3 Rxc3 35.bxc3 Nd2+ 36.Qxd2 Qxf1+
37.Kb2 Qf6 38.Qd7 Nd6 39.Rd3 Ne8 40.Qxb7 Bxh5 41.b4 Bf7 42.b5 Kg7 43.Rg3+ Kf8
44.Rd3 Kg7 45.Qb8 Bg6 46.Rd7+ Kg8 47.Rd8 Qe7 48.b6 Qe2 49.Ka3 Qe7+ 50.Kb3 Qe2
51.Kb4 Qe7+ 52.Kb5 Qe1 53.b7 Qb1+ 54.Kc5 Qe1 55.Qf4 Qe7+ 56.Qd6 Qe3+ 57.Kb4  1-0

[Event "WJun"]
[Site "Yerevan ARM"]
[Date "2006.10.13"]
[Round "10"]
[White "Movsisian,V"]
[Black "Nechepurenko,R"]
[Result "0-1"]
[WhiteElo "2293"]
[BlackElo "2479"]

1.e4 c5 2.Nf3 d6 3.d4 cxd4 4.Nxd4 Nf6 5.Nc3 a6 6.Be3 e5 7.Nb3 Be7 8.f3 Be6
9.Qd2 Nbd7 10.g4 h6 11.O-O-O b5 12.Kb1 Qc7 13.Qf2 Rb8 14.h4 b4 15.Nd5 Bxd5
16.exd5 a5 17.Rg1 a4 18.Nc1 Qa5 19.Bc4 Nb6 20.Bxb6 Qxb6 21.Qe2 a3 22.b3 Nd7
23.g5 hxg5 24.hxg5 g6 25.Nd3 Rh4 26.f4 Qd4 27.Rge1 Rxf4 28.c3 bxc3 29.Nxf4 Qxf4
30.Rf1 Qxg5 31.Rg1 Qf5+ 32.Bd3 Qf4 33.Rg4 Qh6 34.Rc4 f5 35.Rc7 c2+ 36.Qxc2 Nc5
37.Bc4 e4 38.Qc3 Kf8 39.Kc2 Qh4 40.Rxe7 Kxe7 41.Qg7+ Kd8 42.Qxg6 Qh2+ 43.Rd2 Qe5
44.Rg2 Kc7 45.Qg7+ Nd7 46.Qxe5 Nxe5 47.Kc3 Nxc4 48.Kxc4 Re8 49.Rc2 f4 50.Rc1 Kb6
51.Kd4 e3  0-1

[Event "Vasylyshyn Mem"]
[Site "Lviv UKR"]
[Date "2006.10.14"]
[Round "12"]
[White "Firman,N"]
[Black "Zakhartsov,V"]
[Result "0-1"]
[WhiteElo "2495"]
[BlackElo "2541"]

1.e4 c5 2.Nf3 d6 3.d4 cxd4 4.Nxd4 Nf6 5.Nc3 a6 6.Be3 e5 7.Nb3 Be6 8.Qd2 Nbd7
9.f4 b5 10.f5 Bc4 11.O-O-O Rc8 12.Kb1 Qc7 13.Bd3 Be7 14.h3 Qb7 15.Na5 Qa8
16.g4 h6 17.Nxc4 bxc4 18.Bf1 Qc6 19.Bg2 Nc5 20.Ka1 Na4 21.Nxa4 Qxa4 22.Qc1 Qc6
23.Rhe1 Rb8 24.Bf2 Bd8 25.Qd2 Ke7 26.Re3 Bb6 27.Ra3 Bxf2 28.Qxf2 Rb6 29.Rb1 Rhb8
30.Qe3 Qb7 31.b3 Qc6 32.Bf3 cxb3 33.cxb3 Rc8 34.b4 Qb7 35.Rab3 Rc4 36.h4 Rbxb4
37.g5 hxg5 38.hxg5 Nd7 39.Be2 Rxe4 40.Qd3 Rxb3 41.Rxb3 Rb4 42.Bf3 Rxb3 43.axb3 Qb6
44.Kb2 a5 45.Bd5 Qf2+ 46.Ka3 Qc5+ 47.Ka2 Nb6 48.f6+ gxf6 49.gxf6+ Ke8 50.Bf3 Nd7
51.Qf5 d5 52.Qg5 Qf2+  0-1

[Event "TCh-NED 2006-7"]
[Site "Netherlands NED"]
[Date "2006.10.14"]
[Round "2"]
[White "Swinkels,R"]
[Black "Rothuis,V"]
[Result "1/2-1/2"]
[WhiteElo "2286"]
[BlackElo "2354"]

1.e4 c5 2.Nf3 d6 3.d4 cxd4 4.Nxd4 Nf6 5.Nc3 a6 6.Be3 e5 7.Nf3 Qc7 8.a4 h6
9.a5 Nbd7 10.Bd3 Nc5 11.Nd2 Be6 12.O-O Be7 13.Qe2 O-O 14.Nc4 Rad8 15.Nb6 Qc6
16.Bxc5 Qxc5 17.Rfe1 Rfe8 18.Bc4 Bxc4 19.Qxc4 Qxc4 20.Nxc4 d5 21.Nxd5 Nxd5
22.exd5 Rxd5 23.Rxe5 Rxe5 24.Nxe5 Bf6 25.Nd3 Re2 26.Rc1 Bg5 27.f4 Bf6 28.Kf1 Rd2
29.Ne5 Bxe5 30.fxe5 Kf8 31.b4 Ke7 32.Rb1 Rxc2 33.b5 Rc5 34.bxa6 bxa6 35.Rb7+ Ke8
36.e6 Rf5+ 37.Kg1 fxe6 38.Rxg7 h5 39.g4 hxg4 40.Rxg4 Rxa5 41.Kf2 Kf7 42.h4 Rb5
43.Ra4 a5 44.Ke3 Kf6 45.Rf4+ Ke7 46.Ra4  1/2-1/2

[Event "IRT5"]
[Site "Sao Paulo BRA"]
[Date "2006.10.14"]
[Round "5"]
[White "Matos,G"]
[Black "Pedroso,A"]
[Result "1-0"]
[WhiteElo "1885"]
[BlackElo "2081"]

1.e4 c5 2.Nf3 d6 3.d4 cxd4 4.Nxd4 Nf6 5.Nc3 a6 6.Be3 Ng4 7.Bg5 h6 8.Bh4 g5
9.Bg3 Bg7 10.Be2 Ne5 11.Qd2 Nbc6 12.Nb3 Be6 13.O-O-O Bc4 14.h4 g4 15.f4 gxf3
16.gxf3 Bxe2 17.Qxe2 b5 18.Rhg1 e6 19.f4 Nc4 20.e5 d5 21.f5 Qc7 22.Nc5 Bf8
23.fxe6 Nd8 24.exf7+ Qxf7 25.e6 Qf5 26.Rdf1 Qxf1+ 27.Rxf1 Bxc5 28.Qh5+ Ke7  1-0

[Event "WJun"]
[Site "Yerevan ARM"]
[Date "2006.10.14"]
[Round "11"]
[White "Baramidze,D"]
[Black "Kalashian,D"]
[Result "1-0"]
[WhiteElo "2585"]
[BlackElo "2381"]

1.e4 c5 2.Nf3 d6 3.d4 cxd4 4.Nxd4 Nf6 5.Nc3 a6 6.Be3 e5 7.Nb3 Be6 8.f3 Be7
9.Qd2 O-O 10.O-O-O Nbd7 11.g4 b5 12.g5 b4 13.Ne2 Ne8 14.f4 a5 15.f5 a4 16.Nbd4 exd4
17.Nxd4 b3 18.Kb1 bxc2+ 19.Nxc2 Bb3 20.axb3 axb3 21.Na3 Ne5 22.h4 Ra5 23.Qb4 Qa8
24.Bb6 Ra4 25.Qxb3 Qxe4+ 26.Bd3 Nxd3 27.Qxd3 Qb7 28.Bd4 d5 29.Nc2 f6 30.Qe3 Nd6
31.Qe6+ Kh8 32.h5 Ne4 33.h6 Ra6 34.hxg7+ Kxg7 35.gxf6+ Bxf6 36.Bxf6+ Nxf6
37.Qe5 Kh8 38.Rdg1 Re8 39.Qc3 Rb6 40.Rh6 Rf8 41.Qd4 Rf7 42.Re1 Rf8 43.Rg1 Rf7
44.Rh3 Qb8 45.Rhg3 Rfb7 46.Nb4 Qc8 47.Nd3 Qf8 48.R3g2 Qc8 49.Nc5 Qxf5+ 50.Kc1 h6
51.Rf2 Rb4 52.Rxf5 Rxd4 53.Nxb7 Rc4+ 54.Kb1 Ne4 55.Rxd5  1-0

[Event "XI WCh-Blind"]
[Site "Goa IND"]
[Date "2006.10.15"]
[Round "6"]
[White "Krylov,Sergey"]
[Black "Wassin,S"]
[Result "0-1"]
[WhiteElo "2393"]
[BlackElo "2299"]

1.e4 c5 2.Nf3 d6 3.d4 cxd4 4.Nxd4 Nf6 5.Nc3 a6 6.Be3 e5 7.Nf3 h6 8.Bc4 Be6
9.Bxe6 fxe6 10.Qe2 Qc7 11.O-O Be7 12.a4 O-O 13.a5 Nbd7 14.Ra4 Rac8 15.Rd1 Qc6
16.Qd3 Nc5 17.Bxc5 Qxc5 18.Qe2 Kh7 19.Ne1 Qc6 20.Nd3 Qe8 21.Rb4 Rc7 22.Rb3 Nh5
23.g3 Qg6 24.Kh1 Nf6 25.f4 Ng4 26.h3 Nf6 27.Kh2 Nh5 28.Rg1 Bf6 29.f5 exf5
30.Nd5 Rd7 31.exf5 Qf7 32.Qe4 Bd8 33.Rf1 Nf6 34.Nxf6+ gxf6 35.c4 Bxa5 36.Nf2 b5
37.Ng4 Qxc4 38.Qe3 Qxf1 39.Ra3 Qxf5 40.Rxa5 Rc7 41.Ra3 Qc2+ 42.Nf2 d5 43.Rxa6 Qc4  0-1

[Event "WJun"]
[Site "Yerevan ARM"]
[Date "2006.10.15"]
[Round "12"]
[White "Mareco,S"]
[Black "Baramidze,D"]
[Result "1/2-1/2"]
[WhiteElo "2335"]
[BlackElo "2585"]

1.e4 c5 2.Nf3 d6 3.d4 cxd4 4.Nxd4 Nf6 5.Nc3 a6 6.Be3 e5 7.Nb3 Be6 8.Qd2 Be7
9.f3 Nbd7 10.O-O-O Qc7 11.g4 h6 12.Kb1 b5 13.Nd5 Bxd5 14.exd5 Nb6 15.Bxb6 Qxb6
16.Na5 Rc8 17.Nc6 Nxd5 18.Nxe7 Nxe7 19.Qxd6  1/2-1/2

[Event "WJun"]
[Site "Yerevan ARM"]
[Date "2006.10.15"]
[Round "12"]
[White "Alavi,S"]
[Black "Magalashvili,D"]
[Result "1/2-1/2"]
[WhiteElo "2368"]
[BlackElo "2459"]

1.e4 c5 2.Nf3 d6 3.d4 cxd4 4.Nxd4 Nf6 5.Nc3 a6 6.Be3 e5 7.Nf3 Qc7 8.a4 b6
9.Bg5 Nbd7 10.Nd2 Bb7 11.Bc4 Be7 12.O-O O-O 13.Qe2 Rfe8 14.Rfd1 h6 15.Bh4 Qc5
16.Kh1 g5 17.Bg3 Nf8 18.f3 Ne6 19.Bf2 Qc7 20.Bxe6 fxe6 21.Qc4 Qd7 22.Qb3 b5
23.axb5 axb5 24.Qxb5 Bc6 25.Qd3 Nh5 26.Nc4 Nf4 27.Qe3 Rxa1 28.Rxa1 Rb8 29.Qd2 Qc7
30.Ra7 Rb7 31.Rxb7 Bxb7 32.Ne3 Qa5 33.g3 Ng6 34.Kg2 h5 35.Qd3 Ba6 36.Qd1 Qb4
37.Qa1 Bb7 38.Qa2 Kf7 39.Qb3 Qxb3 40.cxb3 d5 41.exd5 exd5 42.Ncxd5 g4 43.fxg4 Ke6
44.gxh5 Nf8 45.h4 Bxd5+ 46.Nxd5 Kxd5 47.Kf3 e4+ 48.Kf4 Bf6 49.g4 Bxb2 50.g5 Bc1+
51.Kf5 e3 52.Bxe3 Bxe3 53.Kf6 Nd7+ 54.Kf7 Ne5+ 55.Kg8 Nf3 56.h6 Nxg5 57.hxg5  1/2-1/2

[Event "Vasylyshyn Mem"]
[Site "Lviv UKR"]
[Date "2006.10.16"]
[Round "14"]
[White "Firman,N"]
[Black "Grekh,A"]
[Result "1-0"]
[WhiteElo "2495"]
[BlackElo "2370"]

1.e4 c5 2.Nf3 d6 3.d4 cxd4 4.Nxd4 Nf6 5.Nc3 a6 6.Be3 Nc6 7.Qd2 e6 8.O-O-O Be7
9.f3 O-O 10.g4 Nd7 11.h4 Nde5 12.Qf2 Na5 13.Kb1 Nac4 14.Bc1 b5 15.g5 b4 16.Nce2 Qb6
17.Rh2 a5 18.b3 Na3+ 19.Bxa3 bxa3 20.Nf5 Qc7 21.Nxe7+ Qxe7 22.Nd4 a4 23.Qe3 Ba6
24.Bxa6 Rxa6 25.Rhd2 Rb8 26.Ka1 Qb7 27.c4 Qb6 28.Qc3 Qc5 29.h5 Nc6 30.Nxc6 Rxc6
31.f4 Rcb6 32.h6 e5 33.fxe5 axb3 34.exd6 Qxg5 35.axb3 Qxh6 36.c5 Rc6 37.b4 Qh4
38.d7 Rd8 39.b5 Rc7 40.Qe5 Qf6 41.Qxf6 gxf6 42.c6  1-0

[Event "WYG16"]
[Site "Batumi GEO"]
[Date "2006.10.21"]
[Round "3"]
[White "Skinke,K"]
[Black "Aliaga Fernandez,I"]
[Result "0-1"]
[WhiteElo "2117"]
[BlackElo "2033"]

1.e4 c5 2.Nf3 d6 3.d4 cxd4 4.Nxd4 Nf6 5.Nc3 a6 6.Be3 e6 7.Qd2 b5 8.f3 Nbd7
9.Bd3 Nb6 10.g4 Nfd7 11.Qf2 Bb7 12.h4 Rc8 13.g5 b4 14.Nce2 Qc7 15.h5 d5 16.Rf1 Nc4
17.Bxc4 Qxc4 18.b3 Qc7 19.f4 dxe4 20.g6 hxg6 21.hxg6 f5 22.Rc1 Bd5 23.Kd2 Qa5
24.Ra1 Qa3 25.Rfd1 Nf6 26.Qg3 Ng4 27.Bg1 Be7 28.Be3 Qb2 29.Rh1 Rxh1 30.Rxh1 Qxa2
31.Rh8+ Kd7 32.Qh3 Rxc2+ 33.Nxc2 Bxb3 34.Nd4 Bxc2 35.Nxc2 b3 36.Bd4 Qxc2+
37.Ke1 b2 38.Bxb2 Bb4+  0-1

[Event "TCh-BEL 2006-7"]
[Site "Belgium BEL"]
[Date "2006.10.22"]
[Round "2"]
[White "Haberkorn,D"]
[Black "Huizer,M"]
[Result "0-1"]
[WhiteElo "2132"]
[BlackElo "2222"]

1.e4 c5 2.Nf3 d6 3.d4 cxd4 4.Nxd4 Nf6 5.Nc3 a6 6.Be3 e5 7.Nb3 Be6 8.f3 h5
9.Qd2 Nbd7 10.O-O-O Rc8 11.Qf2 Be7 12.Kb1 b5 13.Nd5 Nxd5 14.exd5 Bf5 15.Bd3 Bxd3
16.Rxd3 Bg5 17.Bxg5 Qxg5 18.Na5 Nf6 19.Nb7 Kd7 20.Qb6 Qxg2 21.Qxd6+ Ke8 22.Qxe5+ Kf8
23.Rc1 Rxc2 24.Re1 Kg8 25.d6 Nd7 26.Qd4 Rc4 27.Qe3 Qc2+ 28.Ka1 Kh7 29.Qd2 Re8
30.Rg1 Re2 31.Qxc2 Rcxc2 32.Rb1 Rxh2 33.a3 Rhe2 34.f4 g6 35.Ka2 Kg7 36.Kb3 Rc6
37.Rc3 Rb6 38.Rc7 Rxb7 39.Rbc1 Re3+ 40.Kb4 Re4+ 41.Kb3 Rxc7 42.dxc7 Nb6  0-1

[Event "14th Chigorin Mem"]
[Site "St-Petersburg RUS"]
[Date "2006.10.23"]
[Round "1"]
[White "Solovjova,V"]
[Black "Slizhevsky,A"]
[Result "1/2-1/2"]
[WhiteElo "2298"]
[BlackElo "2452"]

1.e4 c5 2.Nf3 d6 3.d4 cxd4 4.Nxd4 Nf6 5.Nc3 a6 6.Be3 e5 7.Nf3 Be7 8.Bc4 O-O
9.O-O Be6 10.Bb3 Nc6 11.Bg5 Nd7 12.Bxe7 Qxe7 13.Nd5 Qd8 14.Qe2 Nc5 15.Rfd1 Rc8
16.Rd2 Nxb3 17.axb3 Ne7 18.Nxe7+ Qxe7 19.Rad1 Rc6 20.Ne1 Qc7 21.Rd3 f5 22.Qd2 fxe4
23.Rxd6 Rxd6 24.Qxd6 Qf7 25.Qb6 h6 26.Rd8 Rxd8 27.Qxd8+ Qf8 28.Qxf8+ Kxf8
29.h3 Ke7 30.Kf1 Kd6 31.Ke2 Kc5 32.Ke3 Bd5 33.g3 a5 34.Kd2 Be6 35.h4 Kd4  1/2-1/2

[Event "14th Chigorin Mem"]
[Site "St-Petersburg RUS"]
[Date "2006.10.24"]
[Round "2"]
[White "Slizhevsky,A"]
[Black "Bodnaruk,A"]
[Result "1-0"]
[WhiteElo "2452"]
[BlackElo "2255"]

1.e4 c5 2.Nf3 d6 3.d4 cxd4 4.Nxd4 Nf6 5.Nc3 a6 6.Be3 e5 7.Nde2 Be7 8.h3 O-O
9.g4 Be6 10.Bg2 Nbd7 11.Nd5 Bxd5 12.exd5 Ne8 13.Qd2 g6 14.O-O-O Ng7 15.Kb1 f5
16.f4 g5 17.fxe5 Nxe5 18.Bd4 Bf6 19.Ng3 f4 20.Ne4 Nc4 21.Nxf6+ Qxf6 22.Qf2 Ne5
23.Be4 h5 24.Bxe5 Qxe5 25.Rde1 Qf6 26.h4 hxg4 27.Bh7+ Kf7 28.Qb6 Rfd8 29.hxg5 Qxg5
30.Qxb7+ Kf8 31.Bg6  1-0

[Event "14th Chigorin Mem"]
[Site "St-Petersburg RUS"]
[Date "2006.10.24"]
[Round "2"]
[White "Lastin,A"]
[Black "Kim,Alex"]
[Result "1-0"]
[WhiteElo "2599"]
[BlackElo "2428"]

1.e4 c5 2.Nf3 d6 3.d4 cxd4 4.Nxd4 Nf6 5.Nc3 a6 6.Be3 e5 7.Nb3 Be7 8.f3 Be6
9.Qd2 O-O 10.O-O-O a5 11.Bb5 Na6 12.Qe2 Qb8 13.g4 Nc7 14.Ba4 Rd8 15.g5 Nd7
16.h4 Ra6 17.Kb1 Qa8 18.Nb5 Rc6 19.Qd2 Bc4 20.Nxc7 Rxc7 21.Nxa5 b5 22.b3 Nc5
23.Nxc4 bxc4 24.Bb5 cxb3 25.cxb3 Qb7 26.Qe2 Rb8 27.Bc4 Qb4 28.Rc1 Na4 29.Bxf7+ Kxf7
30.Rxc7 Nc3+ 31.Rxc3 Qxc3 32.Rc1  1-0

[Event "14th Chigorin Mem"]
[Site "St-Petersburg RUS"]
[Date "2006.10.25"]
[Round "3"]
[White "Solovjov,S"]
[Black "Khamzin,O"]
[Result "1/2-1/2"]
[WhiteElo "2422"]
[BlackElo "2318"]

1.e4 c5 2.Nc3 d6 3.Nf3 a6 4.d4 cxd4 5.Nxd4 Nf6 6.Be3 e5 7.Nb3 Be6 8.f3 Be7
9.Qd2 O-O 10.O-O-O Nbd7 11.g4 b5 12.g5 b4 13.Ne2 Ne8 14.h4 a5 15.Kb1 a4 16.Nbc1 b3
17.cxb3 axb3 18.Nxb3 Rxa2 19.Kxa2 Qa8+ 20.Kb1 Bxb3 21.Nc1 Bxd1 22.Qxd1 Nc7
23.Bc4 Rb8 24.h5 d5 25.exd5 Nb5 26.Bxb5 Rxb5 27.d6 Bf8 28.g6 hxg6 29.hxg6 fxg6
30.Qe2 Qc6 31.Na2 Bxd6 32.Rc1 Qb7 33.Nc3 Rb4 34.Ne4 Be7 35.Qc2 Nf8 36.Bd2 Rd4
37.Bc3 Rd5 38.Qa4 Kf7 39.Rh1 Ne6 40.Qa2 Qb5 41.Rc1 Rd8 42.Qa5 Qd3+ 43.Rc2 Rd5
44.Qa8 Nf4 45.Qb7 Ne6 46.Qc6 g5 47.Ka2 Nd8 48.Qa8 Rd7 49.Qa4 Qd5+ 50.b3 Nc6
51.Rd2 Nd4 52.Bxd4 exd4 53.Nc3 Qf5 54.Qc4+ Kg6 55.Ne4 Qd5 56.Qd3 Kf7 57.Rc2 Ra7+
58.Kb1 Rb7 59.Rc4 Rd7 60.Rc2 Rb7 61.Rc4 Rd7 62.Rc2 Ra7 63.Qc4 Rd7 64.Qd3  1/2-1/2

[Event "14th Chigorin Mem"]
[Site "St-Petersburg RUS"]
[Date "2006.10.25"]
[Round "4"]
[White "Smirnov,P"]
[Black "Makarov,M"]
[Result "1-0"]
[WhiteElo "2623"]
[BlackElo "2515"]

1.e4 c5 2.Nf3 d6 3.d4 cxd4 4.Nxd4 Nf6 5.Nc3 a6 6.Be3 e5 7.Nb3 Be6 8.Qd2 Be7
9.f3 O-O 10.O-O-O Qc7 11.g4 Rc8 12.Qf2 b5 13.Kb1 b4 14.Bb6 Qc6 15.Na5 Qe8
16.Nd5 Nxd5 17.exd5 Bd7 18.Qd2 Ba4 19.b3 Rc3 20.bxa4 Qxa4 21.Nb3 Nd7 22.Be3 Rac8
23.Bd3 Nf6 24.Bf5 R8c4 25.g5 Ne8 26.Qe2 Nc7 27.Bc1 Nb5 28.Bb2 Bxg5 29.Bd3 Rc8
30.Qe4 g6 31.Bxb5 axb5 32.Bxc3 Rc4 33.Bd4 exd4 34.Rxd4 Bf6 35.Qe8+  1-0

[Event "WYB12"]
[Site "Batumi GEO"]
[Date "2006.10.26"]
[Round "9"]
[White "Narayanan,S"]
[Black "Nyzhnyk,I"]
[Result "1/2-1/2"]
[WhiteElo "2141"]
[BlackElo "2193"]

1.e4 c5 2.Nf3 d6 3.d4 cxd4 4.Nxd4 Nf6 5.Nc3 a6 6.Be3 e5 7.Nb3 Be6 8.f3 h5
9.Qd2 Nbd7 10.O-O-O Rc8 11.Kb1 Qc7 12.Rc1 b5 13.Nd5 Bxd5 14.exd5 Nb6 15.Bxb6 Qxb6
16.c4 b4 17.Bd3 g6 18.Qe2 Nd7 19.c5 dxc5 20.Bxa6 Rb8 21.d6 Bxd6 22.Bc4 Nf6
23.Rhd1 Ke7 24.Nd2 Qc6 25.g4 hxg4 26.fxg4 g5 27.Rf1 e4 28.Nxe4 Qxe4+ 29.Qxe4+ Nxe4
30.Rce1 f6 31.Rxe4+ Be5 32.Rf2 Rbd8 33.Kc2 Kd6 34.Re3 Kc7 35.Rd3 Rxd3 36.Bxd3 Rd8
37.h3  1/2-1/2

[Event "WYB16"]
[Site "Batumi GEO"]
[Date "2006.10.27"]
[Round "10"]
[White "Spoelman,W"]
[Black "Golizadeh,A"]
[Result "1-0"]
[WhiteElo "2450"]
[BlackElo "2233"]

1.e4 c5 2.Nc3 d6 3.Nf3 Nf6 4.d4 cxd4 5.Nxd4 a6 6.Be3 e5 7.Nf3 Be7 8.Bc4 O-O
9.O-O Be6 10.Qe2 b5 11.Bb3 Nbd7 12.Bxe6 fxe6 13.Ng5 Qa5 14.Nxe6 Rfc8 15.Rfd1 Rc4
16.a4 Qb4 17.axb5 Nxe4 18.Nd5 Qxb5 19.Nec7 Rxc7 20.Qxb5  1-0

[Event "WYG12"]
[Site "Batumi GEO"]
[Date "2006.10.27"]
[Round "10"]
[White "Hakimifard,G"]
[Black "Iwanow,A"]
[Result "0-1"]
[WhiteElo "1962"]
[BlackElo "1867"]

1.e4 c5 2.Nf3 d6 3.d4 cxd4 4.Nxd4 Nf6 5.Nc3 a6 6.Be3 e6 7.g4 b5 8.g5 Nfd7
9.a3 Bb7 10.h4 Be7 11.Qd2 Nc5 12.f3 Nbd7 13.h5 Qc7 14.O-O-O Nb6 15.Kb1 O-O-O
16.Qf2 Kb8 17.Rg1 g6 18.Nb3 Nba4 19.Nxa4 Nxa4 20.Bd3 d5 21.Qh4 Rc8 22.Rg2 Rhd8
23.Rh1 e5 24.Qe1 Rd6 25.hxg6 hxg6 26.Rh7 Bf8 27.Qa5 Qd7 28.Ka2 dxe4 29.fxe4 Qe6
30.Rf2 Rc7 31.Rh8 Rd8 32.Rf6 Qe7 33.Bd2 Qd7 34.Rh7 Kc8 35.Be2 Re8 36.Rhxf7 Be7
37.Rxg6 Rxc2 38.Rf3 Rxb2+ 39.Ka1 Bxa3 40.Bf1 Kb8 41.Rd3 Qc8 42.Rg7 Rh8 43.Bg2 Bf8
44.Rgd7 Ra2+ 45.Kxa2 Qc2+  0-1

[Event "WYG18"]
[Site "Batumi GEO"]
[Date "2006.10.28"]
[Round "11"]
[White "Abrahamyan,T"]
[Black "Paulet,I"]
[Result "1/2-1/2"]
[WhiteElo "2292"]
[BlackElo "2167"]

1.e4 c5 2.Nf3 d6 3.d4 Nf6 4.Nc3 cxd4 5.Nxd4 a6 6.Be3 e5 7.Nb3 Be7 8.f3 Be6
9.Qd2 O-O 10.O-O-O a5 11.Bb5 Na6 12.Qe2 Qb8 13.g4 Nc7 14.Kb1 Nxb5 15.Qxb5 a4
16.Nc1 a3 17.b3 Rc8 18.N1e2 Bd7 19.Qd3 b5 20.g5 Ne8 21.Nd5 Bd8 22.f4 Be6
23.f5 Bxd5 24.Qxd5 Qc7 25.c3 Rab8 26.h4 Qe7 27.h5 Bb6 28.Qd3 d5 29.Bxb6 Rxb6
30.exd5 Qxg5 31.Rdg1 Qh6 32.Rg2 Rd8 33.Nc1 Kh8 34.Rhg1 Qxh5 35.Ka1 Qh4 36.Qe3 Qf6
37.Rd1 Rbd6 38.Qe4 R6d7 39.Re2 Rc7 40.Rd3 Qg5 41.Kb1 Qf6 42.Qxe5 Qxe5 43.Rxe5 Nd6
44.Ne2 f6 45.Re6 Nxf5 46.Kc2 h5 47.Nf4 Rc5 48.Rh3 h4 49.Kd3 g5 50.Rxf6 gxf4
51.Rxf5 Rcxd5+ 52.Rxd5 Rxd5+ 53.Ke4 Rd2 54.Rxh4+ Kg7 55.Rxf4 Rxa2 56.Rf1 Rb2
57.b4 a2 58.Ra1 Kf6 59.Kd4 Rc2 60.Kc5 Rxc3+ 61.Kxb5 Rc2 62.Ka4 Ke6  1/2-1/2

[Event "14th Chigorin Mem"]
[Site "St-Petersburg RUS"]
[Date "2006.10.28"]
[Round "7"]
[White "Belov,Vl"]
[Black "Kanep,M"]
[Result "1-0"]
[WhiteElo "2589"]
[BlackElo "2510"]

1.e4 c5 2.Nf3 d6 3.d4 cxd4 4.Nxd4 Nf6 5.Nc3 a6 6.Be3 e6 7.f3 Nbd7 8.g4 h6
9.h4 b5 10.Rg1 b4 11.Na4 g5 12.hxg5 hxg5 13.Qd2 Qa5 14.b3 Bb7 15.Bxg5 d5
16.Bxf6 Nxf6 17.e5 Nd7 18.f4 Rc8 19.g5 Nc5 20.g6 Nxa4 21.bxa4 fxg6 22.Rxg6 Qxa4
23.Rxe6+ Kd7 24.Bg2 Qa3 25.Rb6 Qg3+ 26.Kf1 Kc7 27.Rxb7+ Kxb7 28.Ne2 Qg7 29.Qxd5+ Ka7
30.a3 Rh6 31.axb4 Bxb4 32.Nd4 Rg6 33.Qe4 Rb6 34.Rd1 Qg4 35.Ne2 Bc5 36.Ra1 Qd7
37.f5 Rf8 38.f6 Re8 39.Qf3 Reb8 40.Nc3 Qe6 41.Rd1 Qc4+ 42.Rd3 Rb2 43.Qe4 Qxe4
44.Bxe4 Rf8 45.Rd7+ Kb8 46.Ke2 Rb4 47.f7 Rd4 48.Rb7+ Kc8 49.e6 Rc4 50.e7 Bxe7
51.Rxe7 Kd8 52.Nd5 Rd4 53.c3  1-0

[Event "14th Chigorin Mem"]
[Site "St-Petersburg RUS"]
[Date "2006.10.28"]
[Round "7"]
[White "Hammer,J"]
[Black "Airapetian,Ta"]
[Result "0-1"]
[WhiteElo "2380"]
[BlackElo "2268"]

1.e4 c5 2.Nf3 d6 3.d4 cxd4 4.Nxd4 Nf6 5.Nc3 a6 6.Be3 e6 7.f3 b5 8.g4 h6 9.Qd2 b4
10.Na4 Nbd7 11.O-O-O Qa5 12.b3 Ne5 13.Kb1 Bd7 14.Nb2 Nxf3 15.Nxf3 Nxe4 16.Qe1 Nc3+
17.Kc1 Qxa2 18.Nc4 d5 19.Nce5 Qb1+ 20.Kd2 Ne4+ 21.Kd3 Bb5+ 22.Nc4 dxc4+ 23.bxc4 Bxc4+
24.Kxe4 Qxc2+ 25.Kf4 Bb3 26.Bg2 Qxg2 27.Rd2 g5+  0-1

[Event "14th Chigorin Mem B"]
[Site "St-Petersburg RUS"]
[Date "2006.10.29"]
[Round "8"]
[White "Melnikov,N1"]
[Black "Gavrilenko,V"]
[Result "0-1"]
[WhiteElo "1820"]
[BlackElo "2056"]

1.e4 c5 2.Nf3 d6 3.d4 Nf6 4.Nc3 cxd4 5.Nxd4 a6 6.Be3 e5 7.Nb3 Be6 8.f3 Be7
9.Qd2 b5 10.O-O-O O-O 11.g4 b4 12.Nd5 Bxd5 13.exd5 a5 14.Kb1 Nbd7 15.g5 Nh5
16.Nc1 f5 17.gxf6 Rxf6 18.Be2 Nf4 19.Bb5 Nb6 20.Bxb6 Qxb6 21.Bc6 Raf8 22.Rhg1 Nh3
23.Rg3 Nf4 24.Nd3 Qd4 25.Nxf4 Qxd2 26.Rxd2 Rxf4 27.Rdg2 g6 28.b3 Kg7 29.a3 Rxf3
30.Rg4 R8f4 31.axb4 axb4 32.Be8 Rxg4 33.Rxg4 Rf1+ 34.Kb2 Rf4 35.Rxf4 exf4
36.Bb5 Bf6+ 37.Kc1 Bc3 38.Be2 Kf6 39.h3 Kg5 40.Kd1 Kh4 41.Bg4 Kg3 42.Ke2 h5
43.Be6 Kg2 44.h4 f3+ 45.Ke3 f2 46.Bh3+ Kxh3 47.Kxf2  0-1

[Event "NWAPA Rector Cup"]
[Site "St Petersburg RUS"]
[Date "2006.11.02"]
[Round "4"]
[White "Anisimov,P"]
[Black "Kim,Alex"]
[Result "1/2-1/2"]
[WhiteElo "2527"]
[BlackElo "2428"]

1.e4 c5 2.Nf3 d6 3.d4 cxd4 4.Nxd4 Nf6 5.Nc3 a6 6.Be3 e5 7.Nb3 Be7 8.f3 Be6
9.Qd2 O-O 10.O-O-O a5 11.Bb5 Na6 12.Qe2 Qb8 13.g4 Nc7 14.Ba4 Rd8 15.g5 Nh5
16.Kb1 d5 17.exd5 Nxd5 18.Nxd5 Bxd5 19.Rhe1 Qc7 20.Bd2 Bd6 21.f4 Nxf4 22.Bxf4 Bxb3
23.Bxb3 exf4 24.h4 a4  1/2-1/2

[Event "TCh-AUT 2006-7"]
[Site "Graz AUT"]
[Date "2006.11.04"]
[Round "2"]
[White "Teske,H"]
[Black "Loeffler,S"]
[Result "1-0"]
[WhiteElo "2514"]
[BlackElo "2448"]

1.e4 c5 2.Nf3 d6 3.d4 cxd4 4.Nxd4 Nf6 5.Nc3 a6 6.Be3 Ng4 7.Bc1 Nf6 8.Bc4 e6
9.a3 Nxe4 10.Nxe4 d5 11.Bg5 Qa5+ 12.Qd2 Qxd2+ 13.Nxd2 dxc4 14.Nxc4 Nd7 15.O-O-O b5
16.Na5 Bc5 17.Rhe1 O-O 18.Be3 Ra7 19.Ndc6 Rc7 20.Bf4 e5 21.Nxe5 Bxf2 22.Nec6 Bxe1
23.Ne7+ Kh8 24.Bxc7 Bxa5 25.Bxa5 Ne5 26.Bc3 Bg4 27.Rd6 Nc4 28.Rxa6 Rd8 29.Bd4 Be6
30.b3 Nd6 31.Rb6 h5 32.Be5 Ne4 33.Rxb5 Rd2 34.Bf4  1-0

[Event "TCh-BEL 2006-7"]
[Site "Belgium BEL"]
[Date "2006.11.05"]
[Round "3"]
[White "Haberkorn,D"]
[Black "Ringoir,T"]
[Result "1/2-1/2"]
[WhiteElo "2167"]
[BlackElo "2185"]

1.e4 c5 2.Nf3 d6 3.d4 cxd4 4.Nxd4 Nf6 5.Nc3 a6 6.Be3 e5 7.Nb3 Be6 8.f3 Nbd7
9.Qd2 b5 10.g4 Nb6 11.g5 Nfd7 12.O-O-O Be7 13.Kb1 O-O 14.h4 Rc8 15.Rh2 f5
16.Qe1 fxe4 17.fxe4 Nc4 18.Bc1 Ndb6 19.Qg3 Qd7 20.Be2 a5 21.Nd2 b4 22.Nxc4 Bxc4
23.Nd5 Nxd5  1/2-1/2

[Event "TCh-ROM Divizia A Feminin"]
[Site "Predeal ROM"]
[Date "2006.11.05"]
[Round "2"]
[White "Ionica,I"]
[Black "Manicuta,M"]
[Result "1-0"]
[WhiteElo "2231"]
[BlackElo "2151"]

1.e4 c5 2.Nf3 d6 3.d4 cxd4 4.Nxd4 Nf6 5.Nc3 a6 6.Be3 b5 7.f3 e6 8.Qd2 Bb7
9.g4 Nfd7 10.O-O-O Nb6 11.Qf2 N8d7 12.Bd3 Qc7 13.Kb1 Nc5 14.Rhe1 Be7 15.g5 Nc4
16.Bxc4 bxc4 17.Qe2 O-O 18.Qxc4 Rfc8 19.Nb3 a5 20.Nxc5 dxc5 21.Qd3 Bc6 22.h4 a4
23.a3 Rab8 24.Qc4 Qa5 25.Ka1 Rb7 26.Rb1 Rcb8 27.Bf4 Rd8 28.Red1 Rbd7 29.Rxd7 Rxd7
30.Be3 Kf8 31.h5 Rb7 32.g6 hxg6 33.hxg6 Bb5 34.Rh1 Ke8 35.Nxb5 Rxb5 36.Rh8+ Bf8
37.Bd2 Qb6 38.Bc3 fxg6 39.Bxg7 Kf7 40.Bxf8 Rxb2 41.Qc3  1-0